[Event "AUTO-OPEN-1626"]
[Site "http://www.queenalice.com/game.php?id=695228"]
[Date "2009.12.9"]
[Round "2"]
[White "klestonfox"]
[Black "deepawn"]
[Result "0-1"]
[WhiteElo "1547"]
[BlackElo "2027"]

1. e4 e5 2. Qh5 Nc6 3. Bc4 g6 4. Qf3 Nf6 5. d3 Bg7 6. Bg5 Nd4 7. Qd1 c6 8. Bxf6
Qxf6 9. f3 O-O 10. Nc3 a5 11. Nge2 b5 0-1

[Event "AUTO-OPEN-1626"]
[Site "http://www.queenalice.com/game.php?id=695229"]
[Date "2009.12.9"]
[Round "2"]
[White "deepawn"]
[Black "klestonfox"]
[Result "1-0"]
[WhiteElo "2025"]
[BlackElo "1549"]

1. e4 e5 2. Nf3 Nc6 3. Bb5 Qe7 4. Nc3 a6 5. Ba4 b5 6. Bb3 Nd4 7. Nd5 Qd6 8. Nxd4
exd4 9. Qf3 f6 10. d3 c6 11. Bf4 Qe6 12. Nc7+ 1-0

[Event "Copa América"]
[Site "http://www.queenalice.com/game.php?id=697804"]
[Date "2009.12.14"]
[Round "2"]
[White "deepawn"]
[Black "Stegyre"]
[Result "1-0"]
[WhiteElo "2009"]
[BlackElo "1915"]

1. e4 c5 2. Nf3 Nc6 3. d4 cxd4 4. Nxd4 e5 5. Nf3 Bc5 6. Bc4 h6 7. Nc3 d6 8. h3
Nge7 9. O-O Be6 10. Bb3 Nd4 11. Nxd4 Bxd4 12. Nb5 Bc5 13. Bxe6 fxe6 14. Qg4 O-O
15. Bxh6 Rf7 16. Rad1 Qb6 17. Nc3 Bxf2+ 18. Kh1 Kh7 19. Bg5 Raf8 20. Qxe6 Nc8
21. Nd5 Qc5 22. Be3 Rf6 23. Nxf6+ Rxf6 24. Bxc5 Rxe6 25. Bxf2 a6 26. Be3 Ne7 27.
Rf7 b5 28. Rf8 Nc6 29. c3 Na5 30. b3 Nc6 31. Bb6 g6 32. Rdf1 b4 33. R1f7+ Kh6
34. Rh8+ Kg5 35. Be3# 1-0

[Event "Challenge_01"]
[Site "http://www.queenalice.com/game.php?id=707871"]
[Date "2010.1.3"]
[Round "-"]
[White "The_Match"]
[Black "deepawn"]
[Result "0-1"]
[WhiteElo "1333"]
[BlackElo "2023"]

1. e3 e5 2. Bc4 d5 3. Bb5+ Bd7 4. Bd3 Nc6 5. c3 Qg5 6. Qf3 e4 7. Qf4 Qxg2 8.
Qxc7 exd3 9. Ne2 Qxh1+ 10. Ng1 Qxg1# 0-1

[Event "AUTO-OPEN-1626"]
[Site "http://www.queenalice.com/game.php?id=715960"]
[Date "2010.1.18"]
[Round "3"]
[White "deepawn"]
[Black "GMLuizFernandes"]
[Result "1-0"]
[WhiteElo "2064"]
[BlackElo "2167"]

1. e4 c5 2. Nf3 Nc6 3. d4 cxd4 4. Nxd4 e5 5. Nb5 Nf6 6. N1c3 d6 7. Bg5 a6 8. Na3
Be6 9. Bxf6 gxf6 10. Nc4 Rg8 11. Nd5 Rg4 12. f3 Rg6 13. g3 Bh6 14. c3 b5 15.
Nce3 Bxe3 16. Nxe3 Qb6 17. Qd2 Rg8 18. Be2 Ne7 19. a4 bxa4 20. Rxa4 h5 21. Bc4
Qc6 22. b3 h4 23. g4 Bxc4 24. Rxc4 Qb6 25. Ke2 Rd8 26. Ra1 Qb5 27. Qd3 1-0

[Event "AUTO-OPEN-1626"]
[Site "http://www.queenalice.com/game.php?id=715961"]
[Date "2010.1.18"]
[Round "3"]
[White "GMLuizFernandes"]
[Black "deepawn"]
[Result "1/2-1/2"]
[WhiteElo "2145"]
[BlackElo "2084"]

1. e4 e5 2. Nf3 Nc6 3. Bc4 Nf6 4. Ng5 d5 5. exd5 Na5 6. Bb5+ c6 7. dxc6 bxc6 8.
Qf3 Qc7 9. Bd3 h6 10. Ne4 Nd5 11. O-O Be7 12. Ng3 O-O 13. b3 Nf4 14. Bb2 f5 15.
Nh5 Bg5 16. Nxf4 Bxf4 17. Qh5 e4 18. Be2 Bd7 19. g3 Be8 20. Qh3 Be5 21. Bxe5
Qxe5 22. Nc3 Rd8 23. Rad1 c5 24. g4 fxg4 25. Bxg4 Nc6 26. Rfe1 Bg6 27. Qg3 Rf4
28. Re3 1/2-1/2

[Event "Challenge"]
[Site "http://www.queenalice.com/game.php?id=731889"]
[Date "2010.2.14"]
[Round "-"]
[White "colatina"]
[Black "deepawn"]
[Result "0-1"]
[WhiteElo "1591"]
[BlackElo "2044"]

1. e4 e5 2. c3 Nf6 3. Qf3 d5 4. exd5 Qxd5 5. Qxd5 Nxd5 6. Bc4 Nb6 7. Bb3 Nc6 8.
Nf3 Bg4 9. Na3 Be7 10. Nc4 Nxc4 11. h3 Bxf3 12. gxf3 Nb6 13. d4 exd4 14. Bf4 Bd6
15. Bxd6 cxd6 16. Rg1 O-O 17. O-O-O Na5 18. Rxd4 Nxb3+ 19. axb3 d5 20. f4 Rae8
21. b4 Re4 22. f5 Rxd4 23. cxd4 Re8 24. f6 g6 25. h4 Re6 26. h5 Rxf6 27. hxg6
fxg6 28. Rg2 Rf4 29. Kc2 Rxd4 30. Rg3 Rf4 31. Re3 Rxf2+ 32. Kd3 Rf7 33. Kd4 h5
34. b5 g5 35. Re5 Rf4+ 36. Kd3 Rg4 37. Re8+ Kf7 38. Rb8 Rb4 39. Rxb7+ Kf6 40.
Rxa7 Rxb5 41. Kc3 h4 42. Ra1 g4 43. Re1 Kf5 44. Rf1+ Kg5 45. Kd4 Rxb2 46. Ke5
Re2+ 47. Kd4 g3 48. Kd3 Re4 49. Rg1 Kg4 50. Rd1 h3 0-1

[Event "Copa América"]
[Site "http://www.queenalice.com/game.php?id=746472"]
[Date "2010.3.15"]
[Round "4"]
[White "deepawn"]
[Black "GMNeny"]
[Result "1-0"]
[WhiteElo "2051"]
[BlackElo "1980"]

1. e4 c5 2. Nf3 d6 3. d4 cxd4 4. Nxd4 Nf6 5. Nc3 a6 6. f4 e5 7. Nf3 Nc6 8. fxe5
Nxe5 9. Nxe5 dxe5 10. Qxd8+ Kxd8 11. Bg5 Be7 12. O-O-O+ Ke8 13. Bxf6 Bxf6 14.
Nd5 Bg5+ 15. Kb1 Bd8 16. Be2 Be6 17. c4 Rc8 18. b4 f6 19. c5 Kf7 20. a3 Bc7 21.
Rhf1 h6 22. Bh5+ Kf8 23. Nxc7 1-0

[Event "AUTO-OPEN-1709"]
[Site "http://www.queenalice.com/game.php?id=758488"]
[Date "2010.4.9"]
[Round "2"]
[White "deepawn"]
[Black "PunditJi"]
[Result "1-0"]
[WhiteElo "2099"]
[BlackElo "2340"]

1. e4 c5 2. Nf3 Nc6 3. d4 cxd4 4. Nxd4 Nf6 5. Nc3 d6 6. Bg5 Bd7 7. Qd2 h6 8.
Bxf6 gxf6 9. O-O-O Nxd4 10. Qxd4 Qa5 11. Kb1 Rg8 12. Nd5 Rc8 13. c3 Qc5 14. Qd2
f5 15. g3 fxe4 16. Bg2 f5 17. f3 exf3 18. Bxf3 Rg5 19. Rhg1 Kd8 20. Rg2 b5 21.
Nf4 e5 22. h4 Rg7 23. Nd5 Rh7 24. Rf2 Rh8 25. Bg2 Rb8 26. b4 Qc8 27. Bh3 Be6 28.
Qc2 Qc6 29. Ne3 Kc7 30. Bxf5 Bxf5 31. Qxf5 Kb7 32. Qg6 Ka8 33. Nd5 Rb7 34. Rf5
e4 35. Re5 Bg7 36. Re7 Rxe7 37. Nxe7 Qd7 38. Qxe4+ Qb7 39. Qxb7+ Kxb7 40. Kc2
Be5 41. Ng6 Re8 42. Nxe5 dxe5 43. Rd6 Rg8 44. Rd5 a6 45. Rxe5 Rxg3 46. Re6 1-0

[Event "AUTO-OPEN-1709"]
[Site "http://www.queenalice.com/game.php?id=758489"]
[Date "2010.4.9"]
[Round "2"]
[White "PunditJi"]
[Black "deepawn"]
[Result "1/2-1/2"]
[WhiteElo "2368"]
[BlackElo "2088"]

1. d4 Nf6 2. c4 Nc6 3. Nf3 d6 4. Nc3 g6 5. e4 Bg7 6. Be2 a6 7. O-O O-O 8. Re1
Bg4 9. d5 Bxf3 10. Bxf3 Ne5 11. Be2 c5 12. a4 Qa5 13. f4 Ned7 14. Bf3 Ne8 15.
Bd2 Bd4+ 16. Kh1 Qc7 17. Ra2 Ng7 18. Ne2 Rac8 19. a5 Rfe8 20. Nxd4 cxd4 21. b3
e6 22. Bg4 exd5 23. exd5 Rb8 24. Bb4 Nc5 25. Qxd4 Nxb3 26. Rxe8+ Rxe8 27. Qc3
Nc5 28. Re2 Rxe2 29. Bxe2 Nf5 30. Bf1 Qe7 31. Kg1 Qe4 32. g3 Nd4 33. Ba3 Nf3+
34. Kf2 Nd4 35. Kg1 Nf3+ 36. Kf2 1/2-1/2

[Event "Challenge"]
[Site "http://www.queenalice.com/game.php?id=764698"]
[Date "2010.4.22"]
[Round "-"]
[White "Xmen"]
[Black "deepawn"]
[Result "0-1"]
[WhiteElo "1828"]
[BlackElo "2121"]

1. e4 d5 2. e5 f6 3. d4 c5 4. Bb5+ Bd7 5. Bxd7+ Qxd7 6. Nf3 cxd4 7. exf6 exf6 8.
Nxd4 Bd6 9. Qh5+ g6 10. Qe2+ Ne7 11. Nc3 Nc6 12. Nxc6 bxc6 13. Bh6 Kf7 14. O-O-O
g5 15. h4 Bf4+ 16. Kb1 Rab8 17. g3 Qb7 18. b3 Be5 19. hxg5 Bxc3 20. gxf6 Ng6 21.
Bg7 Qb4 22. Qa6 Rb6 23. Qxa7+ Rb7 24. Qxb7+ Qxb7 25. Rh4 Nxh4 0-1

[Event "Challenge"]
[Site "http://www.queenalice.com/game.php?id=765096"]
[Date "2010.4.23"]
[Round "-"]
[White "lordmago"]
[Black "deepawn"]
[Result "0-1"]
[WhiteElo "1119"]
[BlackElo "2124"]

1. e4 e5 2. Nf3 Nc6 3. Bb5 a6 4. Bxc6 dxc6 5. Nxe5 Qd4 6. Nf3 Qxe4+ 7. Qe2 Qxe2+
8. Kxe2 Bg4 9. Nc3 O-O-O 10. h3 Re8+ 11. Kd1 Bxf3+ 12. gxf3 Nf6 13. d3 Bb4 14.
Ne4 Rd8 15. Nxf6 gxf6 16. c3 Ba5 17. b4 Bb6 18. Ke2 Rhe8+ 19. Kf1 Rxd3 20. Bb2
Rd2 21. Bc1 Rxf2+ 0-1

[Event "Copa América"]
[Site "http://www.queenalice.com/game.php?id=783190"]
[Date "2010.5.30"]
[Round "5"]
[White "deepawn"]
[Black "samurai"]
[Result "1-0"]
[WhiteElo "2125"]
[BlackElo "2121"]

1. d4 d5 2. c4 e6 3. Nc3 Be7 4. Bf4 Nf6 5. e3 O-O 6. Nf3 c5 7. dxc5 Bxc5 8. Rc1
Nc6 9. Be2 Be7 10. O-O dxc4 11. Bxc4 Qb6 12. Qe2 Bd7 13. e4 Rad8 14. e5 Ne8 15.
Rfd1 h6 16. a3 a6 17. Qc2 Qc7 18. Ba2 Qb6 19. Bb1 f5 20. exf6 Nxf6 21. Bxh6 Be8
22. Be3 Rxd1+ 23. Rxd1 Qc7 24. Ng5 Bf7 25. Nce4 Bg6 26. Qb3 Nd8 27. Nxf6+ Rxf6
28. Bb6 Qf4 29. Nh3 Qb8 30. Bxg6 Rxg6 31. Qd3 Rf6 32. Bxd8 1-0

[Event "Challenge #01"]
[Site "http://www.queenalice.com/game.php?id=795694"]
[Date "2010.6.27"]
[Round "-"]
[White "Aylton"]
[Black "deepawn"]
[Result "0-1"]
[WhiteElo "2071"]
[BlackElo "2137"]

1. d4 c5 2. e3 cxd4 3. exd4 d5 4. Nf3 Nc6 5. h3 Nf6 6. Be2 g6 7. O-O Bf5 8. a3
Bg7 9. Be3 O-O 10. c4 dxc4 11. Bxc4 Rc8 12. Be2 Qb6 13. b4 Nd5 14. Qd2 Nxe3 15.
fxe3 e5 16. dxe5 Rfd8 17. Nd4 Nxd4 18. exd4 Rc2 19. Qe3 Rxe2 0-1

[Event "Challenge #02"]
[Site "http://www.queenalice.com/game.php?id=795695"]
[Date "2010.6.27"]
[Round "-"]
[White "deepawn"]
[Black "Aylton"]
[Result "1-0"]
[WhiteElo "2147"]
[BlackElo "2004"]

1. d4 Nf6 2. c4 e6 3. Nc3 d5 4. e3 c5 5. Nf3 Nc6 6. a3 dxc4 7. Bxc4 a6 8. Ba2
cxd4 9. exd4 Be7 10. O-O O-O 11. Be3 h6 12. Rc1 Bd7 13. d5 exd5 14. Nxd5 Nxd5
15. Bxd5 Rc8 16. Re1 Bf6 17. Re2 g5 18. Rd2 Qe8 19. Bc5 Kg7 20. Bxf8+ Kxf8 21.
Bxf7 Kxf7 22. Rxd7+ 1-0

[Event "AUTO-OPEN-1709"]
[Site "http://www.queenalice.com/game.php?id=850056"]
[Date "2010.10.24"]
[Round "3"]
[White "rheenz"]
[Black "deepawn"]
[Result "1-0"]
[WhiteElo "2523"]
[BlackElo "2155"]

1. Nf3 Nf6 2. d4 g6 3. c4 Bg7 4. Nc3 O-O 5. e4 d6 6. Be2 c5 7. d5 Bg4 8. O-O
Nbd7 9. h3 Bxf3 10. Bxf3 a6 11. Be2 Rb8 12. Qc2 Ne8 13. Rd1 Qa5 14. Bd2 Be5 15.
Bh6 Bg7 16. Bd2 Be5 17. Bh6 Bg7 18. Be3 Be5 19. f4 Bg7 20. a4 Nef6 21. Bf3 Rfc8
22. Bd2 Ne8 23. Be1 Qc7 24. Ra3 Qa5 25. Kh2 Qc7 26. a5 Rd8 27. Bd2 Bh8 28. b3
Bg7 29. Ra2 Bf6 30. Qd3 Bg7 31. Rb1 Bh8 32. Be3 Bg7 33. Rba1 Nef6 34. Kg1 Rdc8
35. g3 Re8 36. Kg2 Rf8 37. Kh2 Rbc8 38. Rf1 Ra8 39. g4 g5 40. fxg5 Ne5 41. Qd2
Nfd7 42. Bd1 Ng6 43. Kh1 Rab8 44. Ne2 Rfd8 45. Ng3 Re8 46. Nf5 Be5 47. Nh6+ 1-0

[Event "AUTO-OPEN-1709"]
[Site "http://www.queenalice.com/game.php?id=850057"]
[Date "2010.10.24"]
[Round "3"]
[White "deepawn"]
[Black "rheenz"]
[Result "1-0"]
[WhiteElo "2154"]
[BlackElo "2516"]

1. d4 Nf6 2. c4 c5 3. d5 d6 4. Nc3 Bf5 5. f3 g6 6. e4 Bc8 7. f4 Bg7 8. Nf3 O-O
9. Be2 Na6 10. O-O Qb6 11. Re1 Bd7 12. e5 dxe5 13. fxe5 Ng4 14. Bf1 f6 15. e6
Be8 16. h3 Ne5 17. Nxe5 fxe5 18. a3 Rd8 19. Ne4 h6 20. Be3 g5 21. h4 Rf4 22.
Bxf4 gxf4 23. d6 Bg6 24. Qg4 Bxe4 25. dxe7 Re8 26. Rxe4 Nc7 27. Rxe5 Qxb2 28.
Rae1 Qc3 29. Qg6 Qg3 30. Qf7+ Kh8 31. R1e4 Qxh4 32. Rxc5 Rxe7 33. Rxc7 Rxf7 34.
Rxf7 Qh5 35. Rc7 Qe8 36. e7 Kh7 37. Rxb7 f3 38. gxf3 Bf6 39. c5 a6 40. Bxa6 h5
41. Bb5 Qg6+ 42. Kh2 Bxe7 43. Rexe7+ Kh6 44. Rb6 1-0